000 00689nam a2200289Ia 4500
005 20260324140937.0
008 008 260324s9999 xx 000 0 eng d
020 _a9781315126708
037 _aEBOOK
040 _aCRL
040 _beng
040 _cCRL
041 _2eng
041 _aeng
084 _qCRL
100 _aPaul Hollander
_91196864
245 0 _aPolitical Pilgrims
245 0 _bWestern Intellectuals in Search of the Good Society
260 _bTaylor and Francis
260 _c1998
365 _a
365 _b240
856 _uhttp://www.taylorfrancis.com/books/9781315126708
942 _cEBOOK
999 _c1808908
_d1808908